Asamar sangskritik oitihyar parichay/ (Record no. 11751)
[ view plain ]
| 000 -LEADER | |
|---|---|
| fixed length control field | 00607nam a22002057a 4500 |
| 005 - DATE AND TIME OF LATEST TRANSACTION | |
| control field | 20240221125848.0 |
| 008 - FIXED-LENGTH DATA ELEMENTS--GENERAL INFORMATION | |
| fixed length control field | 240221b ||||| |||| 00| 0 eng d |
| 020 ## - INTERNATIONAL STANDARD BOOK NUMBER | |
| International Standard Book Number | 9789358498479 |
| 040 ## - CATALOGING SOURCE | |
| Original cataloging agency | IN-DiNC |
| Transcribing agency | IN-DiNC |
| 041 ## - LANGUAGE CODE | |
| Language code of sung or spoken text | Assamese |
| 082 ## - DEWEY DECIMAL CLASSIFICATION NUMBER | |
| Classification number | 954.162 |
| Item number | BHU |
| 100 ## - MAIN ENTRY--PERSONAL NAME | |
| Personal name | Bhuyan, Pranjal |
| Relator term | Author |
| 245 ## - TITLE STATEMENT | |
| Title | Asamar sangskritik oitihyar parichay/ |
| Statement of responsibility, etc. | by Pranjal Bhuyan and Pranjal Mohan Baruah |
| 250 ## - EDITION STATEMENT | |
| Edition statement | 1st ed. |
| 260 ## - PUBLICATION, DISTRIBUTION, ETC. | |
| Place of publication, distribution, etc. | Dibrugarh: |
| Name of publisher, distributor, etc. | Banalata, |
| Date of publication, distribution, etc. | 2024. |
| 300 ## - PHYSICAL DESCRIPTION | |
| Extent | 133p. |
| 650 ## - SUBJECT ADDED ENTRY--TOPICAL TERM | |
| Topical term or geographic name entry element | Introduction to cultural heritage of Assam |
| 700 ## - ADDED ENTRY--PERSONAL NAME | |
| Personal name | Baruah, Pranjal Mohan |
| Relator term | Author |
| 942 ## - ADDED ENTRY ELEMENTS (KOHA) | |
| Source of classification or shelving scheme | Dewey Decimal Classification |
| Koha item type | Books |
| Withdrawn status | Lost status | Source of classification or shelving scheme | Damaged status | Not for loan | Collection code | Home library | Current library | Shelving location | Date acquired | Cost, normal purchase price | Total Checkouts | Full call number | Barcode | Date last seen | Date last checked out | Copy number | Price effective from | Koha item type | Date due |
|---|---|---|---|---|---|---|---|---|---|---|---|---|---|---|---|---|---|---|---|
| Dewey Decimal Classification | Assamese | Central Library, Naharkatiya College | Central Library, Naharkatiya College | General Stacks | 21/02/2024 | 150.00 | 10 | 954.162 BHU | 29928 | 23/02/2026 | 04/02/2026 | 1 | 21/02/2024 | Books | |||||
| Dewey Decimal Classification | Assamese | Central Library, Naharkatiya College | Central Library, Naharkatiya College | General Stacks | 21/02/2024 | 150.00 | 12 | 954.162 BHU | 29929 | 10/02/2026 | 10/02/2026 | 2 | 21/02/2024 | Books | 28/02/2026 | ||||
| Dewey Decimal Classification | Assamese | Central Library, Naharkatiya College | Central Library, Naharkatiya College | General Stacks | 21/02/2024 | 150.00 | 10 | 954.162 BHU | 29930 | 05/02/2026 | 05/02/2026 | 3 | 21/02/2024 | Books | 24/02/2026 | ||||
| Dewey Decimal Classification | Assamese | Central Library, Naharkatiya College | Central Library, Naharkatiya College | General Stacks | 21/02/2024 | 150.00 | 10 | 954.162 BHU | 29931 | 20/02/2026 | 05/02/2026 | 4 | 21/02/2024 | Books | |||||
| Dewey Decimal Classification | Assamese | Central Library, Naharkatiya College | Central Library, Naharkatiya College | General Stacks | 21/02/2024 | 150.00 | 6 | 954.162 BHU | 29932 | 02/03/2026 | 04/02/2026 | 5 | 21/02/2024 | Books |
